Disputed Sporcle Countries Quiz Stats

Quiz not verified by Sporcle

Also try: Country Doubles
Challenge
Share
Tweet
Embed
Score 0/9 Timer 01:30
0 Plays Today
% Correct
Palestine
93.4%
Taiwan
87.3%
Kosovo
87%
Israel
79.2%
Cyprus
78.9%
North Korea
67.2%
South Korea
64.8%
China
61.4%
Armenia
53.3%

You're not logged in!

Compare scores with friends on all Sporcle quizzes.
Sign Up with Email
OR
Log In

You Might Also Like...

Show Comments

Extras

Top Quizzes Today


Score Distribution

Your Account Isn't Verified!

In order to create a playlist on Sporcle, you need to verify the email address you used during registration. Go to your Sporcle Settings to finish the process.

Report this User

Report this user for behavior that violates our Community Guidelines.

Details: